00233nam a2200109 a 4500008004100000050001500041100001500056245001900071246001500090260000900105350000900114120416s1983 xx |||||||||||||| || u aTX 652 Fob aFobel, Jim10aBeautiful food aa cookbook c1983 a0.00